000 00318nam a2200133Ia 4500
008 190216s9999||||xx |||||||||||||| ||und||
100 _aGeorge N Halm
245 0 _aEconomic Systems
250 _a6th Ed.
260 _bOxford And Ibh Publishing Co. Pvt Ltd
_c1978
300 _a418
650 _aEconomics
942 _cBK
999 _c9383
_d9383